Возможные пути (направления) использования бурых углей Таловского месторождения Томской области; Энергетика: экология, надежность, безопасность; Т. 1

Opis bibliograficzny
Parent link:Энергетика: экология, надежность, безопасность: материалы докладов 6 Всероссийской научно-технической конференции, Томск, 2000 г/ Томский политехнический университет (ТПУ).— , 2000
Т. 1.— 2000.— С. 120-124
Kolejni autorzy: Архипов В. С. Виктор Сергеевич, Заворин А. С. Александр Сергеевич, Карякин С. К. Сергей Кузьмич, Маслов С. Г. Станислав Григорьевич
Język:rosyjski
Wydane: 2000
Hasła przedmiotowe:
Format: Rozdział
KOHA link:https://koha.lib.tpu.ru/cgi-bin/koha/opac-detail.pl?biblionumber=215343

MARC

LEADER 00000naa2a2200000 4500
001 215343
005 20231031193818.0
035 |a (RuTPU)RU\TPU\book\235247 
035 |a RU\TPU\book\235242 
090 |a 215343 
100 |a 20120510d2000 k y0rusy50 ca 
101 0 |a rus 
102 |a RU 
200 1 |a Возможные пути (направления) использования бурых углей Таловского месторождения Томской области  |f В. С. Архипов [и др.] 
461 0 |0 (RuTPU)RU\TPU\book\119034  |t Энергетика: экология, надежность, безопасность  |o материалы докладов 6 Всероссийской научно-технической конференции, Томск, 2000 г  |f Томский политехнический университет (ТПУ)  |d 2000 
463 0 |0 (RuTPU)RU\TPU\book\24481  |t Т. 1  |v С. 120-124  |d 2000  |p 360 с. 
610 1 |a труды учёных ТПУ 
701 1 |a Архипов  |b В. С.  |c химик-технолог  |c доцент Томского политехнического университета, кандидат химических наук  |f 1939-  |g Виктор Сергеевич  |2 stltpush  |3 (RuTPU)RU\TPU\pers\24792  |4 070 
701 1 |a Заворин  |b А. С.  |c специалист в области теплотехники  |c профессор Томского политехнического университета, доктор технических наук  |f 1946-  |g Александр Сергеевич  |2 stltpush  |3 (RuTPU)RU\TPU\pers\25896  |4 070 
701 1 |a Карякин  |b С. К.  |c специалист в области теплоэнергетики  |c доцент Томского политехнического университета, кандидат технических наук  |f 1944-  |g Сергей Кузьмич  |2 stltpush  |3 (RuTPU)RU\TPU\pers\27080  |4 070 
701 1 |a Маслов  |b С. Г.  |c специалист в области химической технологии топлива  |c доцент Томского политехнического университета, кандидат технических наук  |f 1939-  |g Станислав Григорьевич  |2 stltpush  |3 (RuTPU)RU\TPU\pers\26203  |4 070 
801 1 |a RU  |b 63413507  |c 20120510 
801 2 |a RU  |b 63413507  |c 20121225  |g RCR 
942 |c BK